000 01004nam a2200265 i 4500
001 15330
003 ES-MaACL
005 20250807233239.0
007 t|
008 000214s1998 sp ||||0| spa j
040 _aM-BN
_bspa
_cM-BN
080 _a308-055.2(728/729)
080 _a308-054.72-055.2(460)
245 0 4 _aLas mujeres del Caribe en el umbral del 2000 /
_ccoordinadora, Pilar Pérez Cantó.
260 _a[Madrid] :
_bDirección General de la Mujer,
_c[1998]
300 _a278 p ;
_c22 cm.
490 1 _aPublicaciones/DGM, Dirección General de la Mujer ;
_v6
650 1 4 _aMujeres-
_zCaribe (Región)-
_xSituación social.
_915256
650 1 4 _aMujeres emigrantes-
_zEspaña-
_xSituación social.
_915328
700 1 _aPérez Cantó, María Pilar.
_990702
710 1 _aMadrid (Comunidad Autónoma).
_bDirección General de la Mujer.
_95615
830 0 0 _aDGM, Dirección General de la Mujer
_v6
_9228545
852 _aES-MaACL
_jL-22645
_bR.127077
999 _c15330
_d15330